Teatro indoamericano colonial / (Registro nro. 128907)

Detalles MARC
000 -LEADER
campo de control de longitud fija 00775nam a2200217 i 4500
001 - NÚMERO DE CONTROL
campo de control 128907
003 - IDENTIFICADOR DE NÚMERO DE CONTROL
campo de control ES-MaACL
005 - FECHA Y HORA DE LA ÚLTIMA TRANSACCIÓN
campo de control 20230906193405.0
007 - CAMPO FIJO DE DESCRIPCIÓN FÍSICA--INFORMACIÓN GENERAL
campo de control de longitud fija t|
008 - DATOS DE LONGITUD FIJA--INFORMACIÓN GENERAL
campo de control de longitud fija 070530s1973 sp ||||1| spa d
080 ## - NÚMERO DE LA CLASIFICACIÓN DECIMAL UNIVERSAL
Número de la Clasificación Decimal Universal 898-2(082.2)
080 ## - NÚMERO DE LA CLASIFICACIÓN DECIMAL UNIVERSAL
Número de la Clasificación Decimal Universal 897-2(082.2)
245 00 - MENCIÓN DEL TÍTULO
Título Teatro indoamericano colonial /
Mención de responsabilidad, etc. José Cid Pérez, Dolores Martí de Cid.
250 ## - MENCION DE EDICION
Mención de edición 1ª ed.
260 ## - PUBLICACIÓN, DISTRIBUCIÓN, ETC.
Lugar de publicación, distribución, etc. [Madrid] :
Nombre del editor, distribuidor, etc. Aguilar,
Fecha de publicación, distribución, etc. [1973]
300 ## - DESCRIPCIÓN FÍSICA
Extensión 533 p., 3 h. ;
Dimensiones 20 cm.
505 8# - NOTA DE CONTENIDO CON FORMATO
Nota de contenido con formato Contiene: Adoración de los Reyes.-- Historia de la conquista de Quesaltenango.-- tragedia del fin de Atau Wallpa.-- El pobre más rico.-- Uscar Paucar.-- El hijo pródigo
700 1# - ENTRADA AGREGADA--NOMBRE PERSONAL
Nombre de persona Cid Pérez, José.
9 (RLIN) 38770
700 0# - ENTRADA AGREGADA--NOMBRE PERSONAL
Nombre de persona Martí de Cid, Dolores.
9 (RLIN) 77212
852 ## - LOCALIZACIÓN
Ubicación ES-MaACL
Número de control de estantería C-55687
Sublocalización o colección R.88355
Existencias
Estatus retirado Estado de pérdida Estado de daño No para préstamo Biblioteca de origen Biblioteca actual Ubicación en estantería Fecha de adquisición Fuente de adquisición Total de préstamos Signatura topográfica completa Código de barras Visto por última vez Precio de reemplazo Tipo de ítem Koha
        Biblioteca del Ateneo de Madrid Biblioteca del Ateneo de Madrid Depósito 2 17/01/2008     C-55687 1134244 23/02/2023 23/02/2023 Libro impreso